Agriculture in urban planning : (Record no. 1068)
[ view plain ]
| 000 -LEADER | |
|---|---|
| fixed length control field | 02351cam a22003134a 4500 |
| 001 - CONTROL NUMBER | |
| control field | 15315038 |
| 003 - CONTROL NUMBER IDENTIFIER | |
| control field | OSt |
| 005 - DATE AND TIME OF LATEST TRANSACTION | |
| control field | 20240326082153.0 |
| 008 - FIXED-LENGTH DATA ELEMENTS--GENERAL INFORMATION | |
| fixed length control field | 080602s2009 enkab b 001 0 eng |
| 010 ## - LIBRARY OF CONGRESS CONTROL NUMBER | |
| LC control number | 2008023954 |
| 020 ## - INTERNATIONAL STANDARD BOOK NUMBER | |
| International Standard Book Number | 9781844076680 (hardback) |
| 035 ## - SYSTEM CONTROL NUMBER | |
| System control number | (DNAL)1006214 |
| 040 ## - CATALOGING SOURCE | |
| Original cataloging agency | DNAL/DLC |
| Transcribing agency | KMU |
| Modifying agency | DLC |
| Language of cataloging | eng |
| Description conventions | RDA |
| 042 ## - AUTHENTICATION CODE | |
| Authentication code | pcc |
| 043 ## - GEOGRAPHIC AREA CODE | |
| Geographic area code | d------ |
| 050 00 - LIBRARY OF CONGRESS CALL NUMBER | |
| Classification number | S494.5.U72 |
| Item number | A42 2009 |
| 245 00 - TITLE STATEMENT | |
| Title | Agriculture in urban planning : |
| Remainder of title | generating livelihoods and food security / |
| Statement of responsibility, etc. | edited by Mark Redwood. |
| 260 ## - PUBLICATION, DISTRIBUTION, ETC. | |
| Place of publication, distribution, etc. | Sterling, VA : |
| Name of publisher, distributor, etc. | Earthscan, |
| Date of publication, distribution, etc. | 2009. |
| 300 ## - PHYSICAL DESCRIPTION | |
| Extent | xviii, 248 p. : |
| Other physical details | ill., maps ; |
| Dimensions | 25 cm. |
| 504 ## - BIBLIOGRAPHY, ETC. NOTE | |
| Bibliography, etc. note | Includes bibliographical references and index. |
| 505 0# - FORMATTED CONTENTS NOTE | |
| Formatted contents note | Household food security among urban farmers in Nairobi, Kenya / Eunice Wambui Njogu -- Urban compost: a socio-economic and agronomic evaluation in Kumasi, Ghana / Nikita S. Eriksen-Hamel and George Danso -- Urban agriculture as a livelihood strategy in Lima, Peru / Luis Maldonado Villavicencio -- The social and economic implications of urban agriculture on food security in Harare, Zimbabwe / Charity Mutonodzo -- Urban agriculture and food security in Lilongwe and Blantyre, Malawi / David Dalison Mkwambisi -- An analysis of the quality of wastewater used to irrigate vegetables in Accra, Kumasi and Tamale (Ghana) / Philip Amoah -- Water contamination and its impact on vegetable production in the RĂmac River, Peru / Henry Juarez -- Wastewater use and urban agriculture in kinshasa, DR Congo / Kifuani Kia Mayeko -- The health impacts of farming on producers in Rosario, Argentina / Patricia Silvia Propersi -- Using participatory education and action research for health risk reduction amongst farmers in Dakar, Senegal / Nita Chaudhuri -- Complex ecologies and city spaces: social-ecological networks of urban agriculture / Laura J. Shillington -- Urban agriculture and physical planning: a case study of Zaria, Nigeria / Chuo Adamu Nsangu. |
| 650 #0 - SUBJECT ADDED ENTRY--TOPICAL TERM | |
| Topical term or geographic name entry element | Urban agriculture |
| Geographic subdivision | Developing countries. |
| 650 #0 - SUBJECT ADDED ENTRY--TOPICAL TERM | |
| Topical term or geographic name entry element | Sustainable development |
| Geographic subdivision | Developing countries. |
| 700 1# - ADDED ENTRY--PERSONAL NAME | |
| Personal name | Redwood, Mark. |
| 856 41 - ELECTRONIC LOCATION AND ACCESS | |
| Materials specified | Table of contents only |
| Uniform Resource Identifier | <a href="http://www.loc.gov/catdir/toc/ecip0820/2008023954.html">http://www.loc.gov/catdir/toc/ecip0820/2008023954.html</a> |
| 906 ## - LOCAL DATA ELEMENT F, LDF (RLIN) | |
| a | 7 |
| b | cbc |
| c | orignew |
| d | 1 |
| e | ecip |
| f | 20 |
| g | y-gencatlg |
| 942 ## - ADDED ENTRY ELEMENTS (KOHA) | |
| Source of classification or shelving scheme | Library of Congress Classification |
| Koha item type | Non-Fiction |
| Suppress in OPAC | No |
| Withdrawn status | Lost status | Source of classification or shelving scheme | Damaged status | Not for loan | Collection | Home library | Current library | Shelving location | Date acquired | Source of acquisition | Total Checkouts | Full call number | Barcode | Date last seen | Date last checked out | Price effective from | Koha item type |
|---|---|---|---|---|---|---|---|---|---|---|---|---|---|---|---|---|---|
| Library of Congress Classification | Non-fiction | Kapasa Makasa University | Kapasa Makasa University | Open Access | 26.03.2024 | CBU | 1 | S 694.5.U72 Agr | 740801 | 14.04.2025 | 14.04.2025 | 26.03.2024 | Non-Fiction |